01366 2200277 4500001002100000005001500021035002000036245006600056100003100122250001700153300002800170260003900198082000800237084001400245020002200259650002100281520063300302008004100935990001600976990001600992990001601008990001601024990001601040990001601056990001601072INLIS00000000000073920241019075710 a0010-10240000321 aEnsiklopedia IPA :bBuku 1 Bumi /cNurcahyawati Windri Astuti0 aNurcahyawati Windri Astuti aCetakan ke-1 a36 hlm :bIlus ;c25 cm aBekasi :bUranus publishing,c2011 a503 a503 NUR e a978-602-8637-26-8 4aEnsiklopedia ipa aIlmu pengetahuan alam adalah salah satu cabang ilmu yang seringkali menakutkan bagi anak-anak. Walaupun, sebenarnya belajar ilmu pengetahuan alam dapat dilihat atau dirasakan dari kehidupan sehari-hari. Banyak bertanya dan membaca adalah salah satu kunci untuk memahami pengetahuan. Maka dari itu, keenam ensiklopedia ilmu pengetahuan alam ini dibuat. Anak-anak dapat mempelajari bumi, angkasa, dan tata Surya, hewan, tumbuhan, tubuh manusia, dan teknologi. Metode yang dibuat pun sangat sederhana, berupa pertanyaan dan jawaban disertai gambar-gambar yang menarik. Mempelajari ilmu pengetahuan alam kini tak lagi membosankan.241019 0  a00000003564 a00000003565 a00000003566 a00000003567 a00000003568 a00000003569 a00000003570